000 01608cam a22003857a 4500
999 _c41505
_d41505
001 17316096
003 OSt
005 20220827113122.0
008 120523s2011 ii 000 0 eng
010 _a 2012351344
020 _a8185499411
020 _a9789380419213
025 _aI-San-2012-351344; 11
037 _bLibrary of Congress -- New Delhi Overseas Office
040 _aDLC
_cDLC
_dDLC
041 1 _aeng
_asan
_hsan
042 _alcode
050 0 _aMLCSA 2012/01304 (P)
_aPK3798.V15184
082 _a894.8117
_bKES/M
100 0 _aVāñchānātha,
_dactive 18th century.
240 1 0 _aMahiṣaśataka.
_lEnglish & Sanskrit
245 1 0 _aMahiṣaśatakam /
_cVāñcheśvarakavipraṇītam ; Kaveḥ nāptrā Vāñcheśvarayajvanā praṇītayā Śleṣārthacandrikayā vyākhyayā sahitam ; sampādanam, avatārikā, Āṅgalaparibhāṣā ca Keśavan Veḷuttaṭṭ.
246 1 5 _aŚrī Vāñcheśvara Dīkṣita's Mahiṣaśatakam
260 _aKoṭṭayam, Keralā :
_bMahātmā Gāndhī Sarvakalāśālā,
_c2011.
300 _a103 p. ;
_c22 cm.
500 _aPoem.
520 _aSatirical poem with Sanskrit commentary and English translation.
546 _aEnglish and Sanskrit.
700 1 _aVeluthat, Kesavan,
_d1951-
_93112
700 0 2 _aVāñcheśvarayajvan.
_tŚleṣārthacandrikā.
710 2 _99082
_aKerala Council for Historical Research
906 _a7
_bcbc
_corigode
_d4
_encip
_f20
_gy-gencatlg
942 _2ddc
_cREF
_h894.8117
_iKES/M
_k894.8117
_mKES/M